000 00570cam a2200217ua 4500
001 6878
005 20260515114124.0
008 140307n ii |||gr||||Z||||||eng
020 _a81-7096-338-8
040 _cMAIN
082 _a338.7
245 _aBusiness organisation
_cBy S.S. Sarkar
260 _aLudhiana:
_bKalyani publishers,
_c1994.
_aNew delhi:
300 _ax,514p.
653 _aProduction
653 _aBusiness organisation
700 _aSarkar,S.S.,
_eAuthor.,
700 _aSharma,R.K.,
_eAuthor.
700 _aGupta,Shashi K.,
_eAuthor.
942 _cBK
999 _c6019
_d6019